000 00818nam a2200277Ia 4500
001 dia_11
003 CHAP
005 20221202124400.0
008 220117s1987 xx 000 0 und d
010 _a170443
020 _a84-7509-445-7
040 _cCHAP
041 _aespa
082 _a370.7 S78
100 _aStufflebeam, Daniel l.
_9146947
245 _aEvaluación sistemática : guía teoríca y práctica /
_c Daniel l. Stufflebeam y Anthony J. Shinkfield
260 _aBarcelona, España :
_b Paidos,
_c1987
300 _a381 p.
503 _aI. 200555
650 _aTécnicas de educación
_9146948
700 _aI.Shinkfield, Anthony J., coaut.
_9146949
901 _a370.7 S78
902 _aM
905 _a0000001987 sp X 0000000000spa00
942 _cLIBRO
_2ddc
999 _c170443
_d170443